Johnny Depp Filmography: A-Z - Statistics

General Stats
  • This quiz has been taken 58 times
  • The average score is 12 of 22
Answer Stats
Hint Answer % Correct
C Charlie and the Chocolate Factory, Corpse Bride, Cry-Baby, Chocolat, City of Lies, Crock of Gold: A Few Rounds with Shane MacGowan, Charlie: The Life and Art of Charles Chaplin, Cannes Man, Close Up, Charlie Chaplin - between cinema and politics
98%
E Edward Scissorhands, Ed Wood, An Epic At Sea: The Making of Pirates of the Caribbean: The Curse of the Black Pearl
85%
P Pirates of the Caribbean: The Curse of the Black Pearl, Pirates of the Caribbean: Dead Man's Chest, Pirates of the Caribbean: At World's end, Pirates of the Caribbean: On Stranger Tides, Pirates of the Caribbean: Dead Men Tell No Tales, Platoon, Public Enemies, The Professor, Paradise Lost 3: Purgatory, Private Resort, Pirates of the Caribbean: Tales of the Code: Wedlocked, Paul McCartney: My Valentine
85%
A Alice in Wonderland, Alice Through the Looking Glass, Arizona Dream, The Astronaut's Wife, All the Love you Cannes!, Affaire Johnny Depp/Amber Heard - La justice à l’épreuve des réseaux sociaux, According to Plan: The Making of ‘Pirates of the Caribbean: Dead Man’s Chest’
83%
F Fantastic Beasts and Where to Find Them, Fantastic Beasts: The Crimes of Grindelwald, Fear and Loathing in Las Vegas, Finding Neverland, Freddy's Dead: The Final Nightmare, From Hell, Final Cut: Ladies and Gentleman, For No Good Reason
83%
D Dark Shadows, Donnie Brasco, Dead Man, Don Juan DeMarco, Depp V Heard, Donald Trump's the Art of the Deal: The Movie, David Blaine: Beyond Magic, Deep Sea 3D, Don't Say No Until I Finish Talking: The Story of Richard D.Zanuck, Don Rickles: One Night Only, Depp Vs. Heard: Winners & Losers
80%
S Sweeney Todd: The Demon Barber of Fleet Street, Sleepy Hollow, Secret Window, Sherlock Gnomes, Showbiz Kids, Sunset Strip, Savage X Fenty Show Vol.4, The Source, Sleepy Hollow: Behind the Legend, Slow Burn, Spotlight on Location: Fear and Loathing in Las Vegas, Scab Vendor
76%
N A Nightmare on Elm Street, The Ninth Gate, The Nightmare, Never Sleep Again: The Elm Street Legacy, Nick of Time, The 90s:Ten Years that Changed the World
68%
R Rango, The Rum Diary, Radioman, Real Creatures of Dirt, Rock and a Hard Place: Another Night at the Agora
68%
T 21 Jump Street, Tusk, The Tourist, Transcendence, A Tour of the Inferno: Revisiting 'Platoon', TMZ Presents Johnny Vs. Amber: From Love to Hate, Tell Me Iggy
66%
B Blow, Black Mass, Benny & Joon, Before Night Falls, The Brave, The Black Ghiandola, Brandola, The Buried Secret of M. Night Shyamalan, Buy the Ticket, Take the Ride, Breakfast with Hunter, Brothers in Arms, Ballybrando
66%
W What's Eating Gilbert Grape, Waiting for the Barbarians, When You're Strange, Winona Ryder: The Ghosts She Called
66%
L The Lone Ranger, Lost in La Mancha, The Libertine, London Fields, L.A. Without a Map, Lucky Them, Live from Lincoln Center: Danny Elfman's Music from the Films of Tim Burton
63%
M Murder on the Orient Express, Mortdecai, Minamata, The Man who Cried
54%
J Jack and Jill, Jeanne du Barry, Joe Strummer: The Future is Unwritten, Julian Schnabel: A Private Portrait, Johnny Depp: The Love of the Bizarre, Johnny Depp: King of Cult, Johnny Puff Secret Mission
41%
O Once Upon a Time in Mexico
37%
I Into the Woods, The Imaginarium of Doctor Parnassus, In Bad Taste, It Came from... Baltimore!, I Am a Mutoid: A Glastonbury Hero
32%
Y Yoga Hosers
32%
H Happily Ever After, Hunter goes to Hollywood, Hollywood Vampires - Rock in Rio 2015, Hollywood Vampires live at Hellfest 2018, Help! War Child
29%
G Gonzo: The Life and Work of Dr. Hunter S. Thompson, Gypsy Caravan: When the Road Bends
24%
V Voom Portraits
5%
K kid 90, Kusturica - Balkan's Bad Boy, Kreka: Dreamcatcher
2%
No matching quizzes found
Score Distribution
Percent of People with Each Score
Percentile by Number Answered
Your Score History
You have not taken this quiz